[Event "Niedersachsen-ch Seniors op 14th"]
[Site "Bad Bevensen"]
[Date "2011.07.12"]
[Round "8"]
[White "Ludwig, Richard"]
[Black "Voelkel, Gustav"]
[Result "1/2-1/2"]
[WhiteElo "1431"]
[BlackElo "1391"]
[PlyCount "82"]
[EventDate "2011.07.05"]
[EventType "swiss"]
[EventRounds "9"]
[EventCountry "GER"]
[SourceTitle "EXT 2012"]
[Source "ChessBase"]
[SourceDate "2011.11.24"]
[SourceVersion "1"]
[SourceVersionDate "2011.11.24"]
[SourceQuality "1"]

1. e4 c6 2. d4 d6 3. Nc3 Nd7 4. Nf3 e5 5. dxe5 dxe5 6. Bc4 Be7 7. 0-0 h6 8. a3 Ngf6 9. h3 Qc7 10. Re1 0-0 11. Be3 Rd8 12. Qe2 Nf8 13. Rad1 Be6 14. Bxe6 Nxe6 15. b4 b6 16. Bc1 Rxd1 17. Rxd1 Rd8 18. Bb2 Rxd1+ 19. Nxd1 Bd6 20. c4 c5 21. b5 Nd4 22. Qd3 Nd7 23. Nc3 Nf6 24. Kf1 Qe7 25. Ne2 Nd7 26. Nc3 Nf6 27. Ne2 Nd7 28. Bc1 Nf6 29. Nc3 Qc7 30. Ne2 Nd7 31. Nh4 Nf6 32. Ng3 Kh7 33. Nhf5 Bf8 34. Ne3 Bd6 35. Nd5 Nxd5 36. exd5+ g6 37. Ne4 Qe7 38. Qe3 Nf5 39. Qf3 Nd4 40. Qe3 Nf5 41. Qf3 Nd4 1/2-1/2

[Event "Niedersachsen-ch Seniors op 13th"]
[Site "Bad Bevensen"]
[Date "2010.07.12"]
[Round "7"]
[White "Kampfrath, Siegfried"]
[Black "Voelkel, Gustav"]
[Result "1/2-1/2"]
[WhiteElo "1554"]
[BlackElo "1385"]
[PlyCount "52"]
[EventDate "2010.07.06"]
[EventType "swiss"]
[EventRounds "9"]
[EventCountry "GER"]
[SourceTitle "EXT 2012"]
[Source "ChessBase"]
[SourceDate "2011.11.24"]
[SourceVersion "1"]
[SourceVersionDate "2011.11.24"]
[SourceQuality "1"]

1. e4 c6 2. d4 d6 3. Nc3 Nd7 4. f4 Qc7 5. Nf3 e6 6. Be3 Be7 7. Qd2 Ngf6 8. h3 Nf8 9. g4 Bd7 10. Bc4 d5 11. exd5 exd5 12. Bd3 0-0-0 13. Ne5 Be8 14. 0-0 Ng6 15. a3 h5 16. Nxg6 fxg6 17. g5 Nd7 18. h4 Nb6 19. Qe2 Rf8 20. f5 Bd6 21. b4 Bd7 22. f6 gxf6 23. Rxf6 Rxf6 24. gxf6 Bg4 25. Qg2 Qf7 26. Rf1 Re8 1/2-1/2

[Event "Bad Bevensen Seniors op 12th"]
[Site "Bad Bevensen"]
[Date "2009.07.14"]
[Round "8"]
[White "Graffenberger, Marianne"]
[Black "Voelkel, Gustav"]
[Result "0-1"]
[WhiteElo "1219"]
[BlackElo "1359"]
[PlyCount "80"]
[EventDate "2009.07.07"]
[EventType "swiss"]
[EventRounds "9"]
[EventCountry "GER"]
[SourceTitle "EXT 2022"]
[Source "ChessBase"]
[SourceDate "2021.10.06"]
[SourceVersion "1"]
[SourceVersionDate "2021.10.06"]
[SourceQuality "1"]

1. e4 c6 2. d4 d6 3. Nc3 Nd7 4. Nf3 e5 5. Bc4 Be7 6. d5 Ngf6 7. Bd3 c5 8. b3 a6 9. 0-0 b5 10. Re1 Bb7 11. Bd2 Rc8 12. Nb1 0-0 13. c4 b4 14. a3 a5 15. a4 Re8 16. Bg5 h6 17. Bh4 Nf8 18. Nbd2 Ng6 19. Bg3 Nh7 20. h3 Bf6 21. Nf1 Ng5 22. N1h2 Nf4 23. Bc2 Nxf3+ 24. Nxf3 g5 25. Nh2 Kg7 26. f3 h5 27. Bxf4 exf4 28. Rb1 Qe7 29. Kf1 Rh8 30. Bd3 Be5 31. Kg1 Rh6 32. Qe2 Rch8 33. Kf1 Bc8 34. Kg1 Qf6 35. Kh1 Kf8 36. Rg1 Qg7 37. Rgf1 g4 38. fxg4 hxg4 39. Nf3 gxf3 40. Qxf3 Bxh3 0-1

[Event "Bad Bevensen Seniors op 12th"]
[Site "Bad Bevensen"]
[Date "2009.07.12"]
[Round "6"]
[White "Boehm, Karl1111"]
[Black "Voelkel, Gustav"]
[Result "1-0"]
[WhiteElo "1641"]
[BlackElo "1359"]
[PlyCount "69"]
[EventDate "2009.07.07"]
[EventType "swiss"]
[EventRounds "9"]
[EventCountry "GER"]
[SourceTitle "EXT 2022"]
[Source "ChessBase"]
[SourceDate "2021.10.06"]
[SourceVersion "1"]
[SourceVersionDate "2021.10.06"]
[SourceQuality "1"]

1. d4 f5 2. Nf3 Nf6 3. c4 e6 4. Nc3 Bb4 5. Bd2 Bxc3 6. Bxc3 d5 7. e3 0-0 8. Bd3 c6 9. 0-0 Ne4 10. Qc2 Nxc3 11. bxc3 Qf6 12. cxd5 exd5 13. Rab1 Nd7 14. c4 dxc4 15. Bxc4+ Kh8 16. Bd3 g6 17. a4 a5 18. h3 b6 19. Ne5 c5 20. Nxd7 Bxd7 21. dxc5 Rab8 22. cxb6 Rxb6 23. Rxb6 Qxb6 24. Rb1 Qf6 25. Bb5 Be6 26. Qb2 Qxb2 27. Rxb2 Rd8 28. Kh2 Kg7 29. Bc6 Rd6 30. Bb5 Kf6 31. Rc2 h5 32. h4 Bb3 33. Rc3 Be6 34. Rc7 Rd5 35. Ra7 1-0

[Event "Bad Bevensen Seniors op 12th"]
[Site "Bad Bevensen"]
[Date "2009.07.10"]
[Round "4"]
[White "Haak, Gerhard"]
[Black "Voelkel, Gustav"]
[Result "0-1"]
[WhiteElo "719"]
[BlackElo "1359"]
[PlyCount "64"]
[EventDate "2009.07.07"]
[EventType "swiss"]
[EventRounds "9"]
[EventCountry "GER"]
[SourceTitle "EXT 2022"]
[Source "ChessBase"]
[SourceDate "2021.10.06"]
[SourceVersion "1"]
[SourceVersionDate "2021.10.06"]
[SourceQuality "1"]

1. c3 f5 2. e3 Nf6 3. Be2 e6 4. f3 Be7 5. d3 0-0 6. Nh3 d6 7. 0-0 Bd7 8. Nd2 Qe8 9. b3 Nc6 10. Nc4 d5 11. Na3 a6 12. d4 b6 13. Nc2 Bd6 14. f4 Ne4 15. Bb2 Be7 16. Bh5 Qd8 17. Nf2 Rf6 18. Nd3 Rh6 19. Be2 Qe8 20. Ne5 Nxe5 21. dxe5 b5 22. Nd4 c5 23. Nc2 g5 24. Bh5 Qxh5 25. Qxh5 Rxh5 26. a3 g4 27. g3 Nd2 28. Rfd1 Nf3+ 29. Kg2 Rxh2+ 30. Kf1 Rxc2 31. Rab1 Rh2 32. Bc1 Bc6 0-1

[Event "Bad Bevensen Seniors op 12th"]
[Site "Bad Bevensen"]
[Date "2009.07.07"]
[Round "1"]
[White "Voelkel, Gustav"]
[Black "Diskin, Semen"]
[Result "0-1"]
[WhiteElo "1359"]
[BlackElo "1831"]
[PlyCount "74"]
[EventDate "2009.07.07"]
[EventType "swiss"]
[EventRounds "9"]
[EventCountry "GER"]
[SourceTitle "EXT 2022"]
[Source "ChessBase"]
[SourceDate "2021.10.06"]
[SourceVersion "1"]
[SourceVersionDate "2021.10.06"]
[SourceQuality "1"]

1. d4 Nf6 2. Nf3 g6 3. Nbd2 Bg7 4. e3 0-0 5. Bd3 d6 6. 0-0 Nbd7 7. e4 e5 8. c3 c6 9. Qe2 Qc7 10. Rb1 Nh5 11. Nb3 a5 12. a4 Nb6 13. Ra1 Be6 14. Ra3 Nxa4 15. Be3 b5 16. Qc2 Kh8 17. Nbd2 Nb6 18. b3 h6 19. Rfa1 a4 20. bxa4 Nxa4 21. c4 bxc4 22. Bxc4 Nb6 23. d5 Rxa3 24. Rxa3 cxd5 25. Bxb6 Qxb6 26. exd5 Bf5 27. Qa2 g5 28. Ra6 Qb4 29. h3 Nf4 30. Kh2 e4 31. g4 Bg6 32. Ng1 Qc3 33. Rxd6 Be5 34. Rc6 Nxh3+ 35. Kg2 Nxf2 36. Ne2 Qh3+ 37. Kg1 e3 0-1

[Event "Niedersachsen-ch Seniors op 11th"]
[Site "Bad Bevensen"]
[Date "2008.07.09"]
[Round "2"]
[White "Voelkel, Gustav"]
[Black "Pachler, Klaus"]
[Result "1/2-1/2"]
[WhiteElo "1411"]
[BlackElo "1723"]
[PlyCount "75"]
[EventDate "2008.07.08"]
[EventType "swiss"]
[EventRounds "9"]
[EventCountry "GER"]
[SourceTitle "EXT 2022"]
[Source "ChessBase"]
[SourceDate "2021.10.06"]
[SourceVersion "1"]
[SourceVersionDate "2021.10.06"]
[SourceQuality "1"]

1. d4 Nf6 2. Nf3 e6 3. e3 c5 4. Bd3 Nc6 5. c3 d5 6. Nbd2 Bd6 7. 0-0 0-0 8. Re1 c4 9. Bc2 b5 10. e4 dxe4 11. Nxe4 h6 12. Qe2 Nd5 13. Nxd6 Qxd6 14. Ne5 Nce7 15. Qe4 f5 16. Qf3 Bd7 17. Qg3 Rf6 18. Bf4 Nxf4 19. Qxf4 Bc6 20. Qg3 Raf8 21. Nxc6 Qxc6 22. a4 Rg6 23. Qh3 a6 24. axb5 axb5 25. Ra7 Nc8 26. Ra5 Nd6 27. Rea1 Nf7 28. Bd1 Ng5 29. Qh5 Kh7 30. g3 Rb8 31. f4 Nf7 32. Bf3 Qd6 33. Ra7 Nd8 34. R1a6 Rb6 35. Ra1 b4 36. Qh3 Qxf4 37. Qf1 bxc3 38. bxc3 1/2-1/2

[Event "Niedersachsen-ch Seniors 42th"]
[Site "Sottrum"]
[Date "2008.04.13"]
[Round "4"]
[White "Gorbatschow, Anatolij"]
[Black "Voelkel, Gustav"]
[Result "0-1"]
[WhiteElo "1405"]
[BlackElo "1433"]
[PlyCount "38"]
[EventDate "2008.04.10"]
[EventType "swiss"]
[EventRounds "9"]
[EventCountry "GER"]
[SourceTitle "EXT 2022"]
[Source "ChessBase"]
[SourceDate "2021.10.06"]
[SourceVersion "1"]
[SourceVersionDate "2021.10.06"]
[SourceQuality "1"]

1. c4 f5 2. Nf3 Nf6 3. Nc3 e6 4. d3 Be7 5. Bg5 d6 6. e3 0-0 7. Nd4 a6 8. Be2 Bd7 9. Bf3 c6 10. e4 e5 11. Nxf5 Bxf5 12. exf5 Nbd7 13. 0-0 Qc7 14. Ne4 Qd8 15. Qb3 Rb8 16. c5+ d5 17. Nd6 Nxc5 18. Qc2 Qxd6 19. g4 Nfd7 0-1

[Event "Niedersachsen-ch Seniors 42th"]
[Site "Sottrum"]
[Date "2008.04.10"]
[Round "1"]
[White "Mann, Klaus Dieter"]
[Black "Voelkel, Gustav"]
[Result "1-0"]
[WhiteElo "1896"]
[BlackElo "1433"]
[PlyCount "33"]
[EventDate "2008.04.10"]
[EventType "swiss"]
[EventRounds "9"]
[EventCountry "GER"]
[SourceTitle "EXT 2022"]
[Source "ChessBase"]
[SourceDate "2021.10.06"]
[SourceVersion "1"]
[SourceVersionDate "2021.10.06"]
[SourceQuality "1"]

1. e4 c6 2. d4 d6 3. Nf3 Nd7 4. c3 e5 5. Bc4 Be7 6. 0-0 Nb6 7. b3 Nf6 8. Re1 0-0 9. dxe5 dxe5 10. Qxd8 Rxd8 11. Nxe5 Be6 12. Nd2 Bd6 13. Nef3 Bf4 14. Bxe6 fxe6 15. e5 Nfd7 16. g3 Bxe5 17. Nxe5 1-0

[Event "Niedersachsen-ch Seniors 41st"]
[Site "Sottrum"]
[Date "2007.03.30"]
[Round "9"]
[White "Voelkel, Gustav"]
[Black "Loeding, Walter"]
[Result "0-1"]
[WhiteElo "1418"]
[BlackElo "1429"]
[PlyCount "48"]
[EventDate "2007.03.22"]
[EventType "swiss"]
[EventRounds "9"]
[EventCountry "GER"]
[SourceTitle "EXT 2022"]
[Source "ChessBase"]
[SourceDate "2021.10.06"]
[SourceVersion "1"]
[SourceVersionDate "2021.10.06"]
[SourceQuality "1"]

1. d4 d5 2. e3 Nf6 3. Bd3 a6 4. Nf3 g6 5. Nbd2 Bg7 6. 0-0 Nc6 7. Re1 0-0 8. a3 Re8 9. e4 dxe4 10. Nxe4 Nxd4 11. Nxd4 Qxd4 12. c3 Qb6 13. Rb1 Nxe4 14. Bxe4 c6 15. Qe2 Be6 16. Be3 Qc7 17. Rbd1 Rad8 18. Qf3 Qc8 19. Bc5 Bf6 20. Bd4 Bxd4 21. cxd4 Bg4 22. Qf4 Bxd1 23. Rxd1 Qe6 24. Qe3 Rd6 0-1

[Event "Niedersachsen-ch Seniors 41st"]
[Site "Sottrum"]
[Date "2007.03.29"]
[Round "8"]
[White "Fischer, Manfred3333"]
[Black "Voelkel, Gustav"]
[Result "1-0"]
[WhiteElo "1647"]
[BlackElo "1418"]
[PlyCount "59"]
[EventDate "2007.03.22"]
[EventType "swiss"]
[EventRounds "9"]
[EventCountry "GER"]
[SourceTitle "EXT 2022"]
[Source "ChessBase"]
[SourceDate "2021.10.06"]
[SourceVersion "1"]
[SourceVersionDate "2021.10.06"]
[SourceQuality "1"]

1. f4 d6 2. e4 e6 3. Nf3 Nd7 4. d4 Be7 5. Nc3 Nb6 6. Bd3 Bd7 7. Be3 c6 8. Qe2 h6 9. a4 a5 10. Qf2 d5 11. 0-0 Bb4 12. Qg3 Bf8 13. Rae1 Ne7 14. f5 dxe4 15. fxe6 Bxe6 16. Bxe4 Nbd5 17. Bd2 Qd7 18. Ne5 Qc7 19. Qf3 Nf6 20. Bf4 Qb6 21. Qd3 Ned5 22. Nc4 Qd8 23. Bf5 Nxf4 24. Rxf4 Nd5 25. Rxe6+ fxe6 26. Bg6+ Kd7 27. Nxd5 cxd5 28. Rf7+ Kc8 29. Ne5 Qg5 30. Qc3+ 1-0

[Event "Niedersachsen-ch Seniors 41st"]
[Site "Sottrum"]
[Date "2007.03.23"]
[Round "2"]
[White "Merettig, Georg"]
[Black "Voelkel, Gustav"]
[Result "1-0"]
[WhiteElo "1774"]
[BlackElo "1418"]
[PlyCount "77"]
[EventDate "2007.03.22"]
[EventType "swiss"]
[EventRounds "9"]
[EventCountry "GER"]
[SourceTitle "EXT 2022"]
[Source "ChessBase"]
[SourceDate "2021.10.06"]
[SourceVersion "1"]
[SourceVersionDate "2021.10.06"]
[SourceQuality "1"]

1. Nc3 Nf6 2. f4 d5 3. d4 Bf5 4. Nf3 e6 5. Nh4 Be4 6. Nf3 Bb4 7. e3 Nbd7 8. Bd3 0-0 9. 0-0 Bxc3 10. bxc3 c6 11. Qe1 Re8 12. Ne5 Rc8 13. Ba3 Bxd3 14. cxd3 c5 15. f5 Qa5 16. fxe6 Rxe6 17. Bb2 Rb6 18. Qf2 Rf8 19. c4 Qa4 20. cxd5 Nxe5 21. dxe5 Nxd5 22. d4 c4 23. e4 c3 24. exd5 Rxb2 25. Qe3 Qc2 26. Rf2 Rb1+ 27. Rxb1 Qxb1+ 28. Rf1 Qb2 29. e6 c2 30. e7 Re8 31. d6 Qb4 32. Qf3 f6 33. Qb3+ Qxb3 34. axb3 Kf7 35. d7 Kxe7 36. dxe8Q+ Kxe8 37. Rc1 Kd7 38. Rxc2 Kd6 39. Kf2 1-0

[Event "GER-chB Seniors 16th"]
[Site "Templin"]
[Date "2004.09.07"]
[Round "4"]
[White "Uhlemann, Walter"]
[Black "Voelkel, Gustav"]
[Result "1-0"]
[WhiteElo "1705"]
[BlackElo "1538"]
[PlyCount "93"]
[EventDate "2004.09.04"]
[EventType "swiss"]
[EventRounds "9"]
[EventCountry "GER"]
[SourceTitle "EXT 2005"]
[Source "ChessBase"]
[SourceDate "2004.11.15"]
[SourceVersion "1"]
[SourceVersionDate "2004.11.15"]
[SourceQuality "1"]

1. e4 c6 2. d4 Qc7 3. Nf3 d6 4. Be3 Nd7 5. c4 e5 6. Nc3 Ngf6 7. h3 g6 8. Bd3 Bg7 9. d5 0-0 10. 0-0 h6 11. Qd2 Kh7 12. g4 Rh8 13. Kg2 a6 14. a4 c5 15. Ne2 Ng8 16. Ng3 Ndf6 17. g5 Nh5 18. h4 Bg4 19. Nh2 Qc8 20. Nxh5 gxh5 21. Rh1 Bh3+ 22. Kg1 Kg6 23. f4 f6 24. f5+ Kf7 25. g6+ Ke8 26. Bf1 Bxf5 27. exf5 Qxf5 28. Rd1 Qxg6+ 29. Kf2 Qe4 30. Nf3 f5 31. Bd3 Qg4 32. Rhg1 e4 33. Rxg4 hxg4 34. Ne1 exd3 35. Nxd3 Nf6 36. Kg2 Ne4 37. Qc2 Bf6 38. Nf2 Nxf2 39. Qxf2 Bd4 40. Qxf5 Kd8 41. Bxh6 Kc7 42. Qf7+ Kb6 43. Bg5 Raf8 44. Qg6 Rf3 45. Rf1 Rhf8 46. Rxf3 Rxf3 47. Qxd6+ 1-0

[Event "Bad Griesbach Seniors op 5th"]
[Site "Bad Griesbach"]
[Date "2002.11.28"]
[Round "5"]
[White "Aigner, Georg"]
[Black "Voelkel, Gustav"]
[Result "1/2-1/2"]
[WhiteElo "1895"]
[BlackElo "1557"]
[PlyCount "76"]
[EventDate "2002.11.24"]
[EventType "swiss"]
[EventRounds "7"]
[EventCountry "GER"]
[SourceTitle "EXT 2006"]
[Source "ChessBase"]
[SourceDate "2005.11.24"]
[SourceVersion "1"]
[SourceVersionDate "2005.11.24"]
[SourceQuality "1"]

1. e4 c6 2. d4 d6 3. Bc4 Qc7 4. Nf3 Nd7 5. Ng5 e6 6. 0-0 Nb6 7. Bb3 Nf6 8. Re1 Be7 9. c4 h6 10. Nf3 0-0 11. Bc2 e5 12. Qd3 Bg4 13. Nbd2 Rad8 14. h3 Bh5 15. Nh4 Nh7 16. Nf5 Bf6 17. Nf1 Bg6 18. N1g3 Rfe8 19. h4 Nf8 20. Qf3 Ne6 21. h5 Bxf5 22. Nxf5 Nxd4 23. Nxd4 exd4 24. Bxh6 Qe7 25. Bf4 Nxc4 26. e5 dxe5 27. Qd3 Qc5 28. b3 Na3 29. Qh7+ Kf8 30. Bd3 Nb5 31. a4 Nc3 32. Bc1 Qd6 33. Bc4 Nd5 34. f4 Ne3 35. Ba3 c5 36. Bb5 Re6 37. Rac1 Qd5 38. Rxe3 dxe3 1/2-1/2

[Event "Bad Griesbach Seniors op 5th"]
[Site "Bad Griesbach"]
[Date "2002.11.27"]
[Round "4"]
[White "Voelkel, Gustav"]
[Black "Mehlhorn, Dieter"]
[Result "1/2-1/2"]
[WhiteElo "1557"]
[BlackElo "1815"]
[PlyCount "68"]
[EventDate "2002.11.24"]
[EventType "swiss"]
[EventRounds "7"]
[EventCountry "GER"]
[SourceTitle "EXT 2006"]
[Source "ChessBase"]
[SourceDate "2005.11.24"]
[SourceVersion "1"]
[SourceVersionDate "2005.11.24"]
[SourceQuality "1"]

1. d4 d5 2. Nf3 Nf6 3. e3 Nbd7 4. Bd3 e6 5. Nbd2 c5 6. c3 Be7 7. 0-0 0-0 8. Qe2 h6 9. Re1 cxd4 10. exd4 b6 11. Nf1 Bd6 12. Ne5 Bb7 13. f4 Ne4 14. Qg4 Ndf6 15. Qh3 Be7 16. Ng3 Nxg3 17. hxg3 Ne4 18. Rf1 f5 19. Rf3 Rf6 20. g4 Rf8 21. Be3 Bc8 22. Raf1 Qe8 23. Bxe4 fxe4 24. Rg3 Bf6 25. g5 hxg5 26. fxg5 Bxe5 27. Rxf8+ Kxf8 28. dxe5 Qg6 29. Rg4 Ke7 30. Rf4 Ba6 31. g4 Rc8 32. Qh5 Qxh5 33. gxh5 Rf8 34. Rxf8 Kxf8 1/2-1/2

[Event "Bad Griesbach Seniors op 5th"]
[Site "Bad Griesbach"]
[Date "2002.11.25"]
[Round "2"]
[White "Jurgan, Brigitte"]
[Black "Voelkel, Gustav"]
[Result "0-1"]
[WhiteElo "1076"]
[BlackElo "1557"]
[PlyCount "47"]
[EventDate "2002.11.24"]
[EventType "swiss"]
[EventRounds "7"]
[EventCountry "GER"]
[SourceTitle "EXT 2006"]
[Source "ChessBase"]
[SourceDate "2005.11.24"]
[SourceVersion "1"]
[SourceVersionDate "2005.11.24"]
[SourceQuality "1"]

1. d4 f5 2. e3 Nf6 3. Bd3 e6 4. c4 Be7 5. Ne2 0-0 6. 0-0 Qe8 7. Ng3 b6 8. Be2 Bb7 9. Bf3 Ne4 10. Nc3 d5 11. cxd5 exd5 12. Bxe4 fxe4 13. Qh5 g6 14. Qe2 Ba6 15. Qe1 Bxf1 16. Qxf1 c6 17. Qd1 Qf7 18. Qe2 Bh4 19. Bd2 Nd7 20. Rf1 Qe6 21. Be1 a6 22. b4 b5 23. a4 Nb6 24. a5 0-1

[Event "Mecklenburg VP-ch Seniors 2nd"]
[Site "Sparow"]
[Date "2002.09.15"]
[Round "3"]
[White "Voelkel, Gustav"]
[Black "Alefs, Heinz"]
[Result "1/2-1/2"]
[WhiteElo "1462"]
[BlackElo "1689"]
[PlyCount "76"]
[EventDate "2002.09.??"]
[EventType "swiss"]
[EventRounds "9"]
[EventCountry "GER"]
[SourceTitle "EXT 2006"]
[Source "ChessBase"]
[SourceDate "2005.11.24"]
[SourceVersion "1"]
[SourceVersionDate "2005.11.24"]
[SourceQuality "1"]

1. d4 Nf6 2. Nf3 e6 3. e3 c5 4. c3 Nc6 5. Nbd2 d5 6. Bd3 c4 7. Bc2 h6 8. Qe2 b5 9. e4 dxe4 10. Nxe4 Nd5 11. 0-0 Be7 12. Re1 0-0 13. Bd2 Qc7 14. Ng3 Nf6 15. Ne5 Bd6 16. Nxc6 Bxg3 17. hxg3 Qxc6 18. Bf4 Bb7 19. f3 Nh5 20. Qd2 Nxf4 21. Qxf4 Qd7 22. g4 f6 23. Rad1 Bd5 24. Qh2 Qf7 25. Qg3 a5 26. a3 Rab8 27. Be4 Rb6 28. Bxd5 exd5 29. f4 Re6 30. Rxe6 Qxe6 31. Re1 Qd6 32. Qe3 Kf7 33. f5 Qd7 34. Qf3 Re8 35. Rxe8 Kxe8 36. Kf2 Qd6 37. Qe3+ Qe7 38. Qf4 Qd8 1/2-1/2

[Event "Bad Griesbach Seniors op 2nd"]
[Site "Bad Griesbach"]
[Date "1999.11.27"]
[Round "7"]
[White "Krah, Franz"]
[Black "Voelkel, Gustav"]
[Result "1/2-1/2"]
[WhiteElo "1643"]
[BlackElo "1580"]
[PlyCount "88"]
[EventDate "1999.11.21"]
[EventType "swiss"]
[EventRounds "7"]
[EventCountry "GER"]
[SourceTitle "EXT 2007"]
[Source "ChessBase"]
[SourceDate "2006.11.23"]
[SourceVersion "1"]
[SourceVersionDate "2006.11.23"]
[SourceQuality "1"]

1. e4 c6 2. d4 d5 3. Nd2 dxe4 4. Nxe4 Bf5 5. Ng3 Bg6 6. Be3 Nd7 7. Nf3 e6 8. c3 Ngf6 9. Qb3 Qb6 10. Bc4 Nd5 11. Bd2 Bd6 12. Ne2 Qc7 13. Bxd5 exd5 14. c4 dxc4 15. Qxc4 Nb6 16. Qb3 0-0 17. 0-0 Nd5 18. Rac1 Rac8 19. Nc3 Nxc3 20. Rxc3 Rfe8 21. Ne5 Be4 22. Rh3 Re6 23. f4 Bxe5 24. fxe5 Rg6 25. Rf2 c5 26. dxc5 Rf8 27. Qe3 Qxe5 28. Bc3 Qd5 29. Rg3 Rxg3 30. Qxg3 Bg6 31. Qe5 Qxe5 32. Bxe5 Re8 33. Bc3 Rd8 34. h4 Rc8 35. Re2 Bd3 36. Re3 Bc4 37. b4 Re8 38. Rf3 g6 39. h5 Re2 40. hxg6 fxg6 41. a3 Be6 42. Bd4 a6 43. Bf2 Ra2 44. Rh3 h5 1/2-1/2